00384nam a2200133Ia 450000500170000000800410001702000150005808200150007310000200008824500760010826000410018430000130022565000120023820250425042215.0240331s9999 xx 000 0 und d a9552104866 bJAYa305.4 aJayatilaka, B.M 0aDona Luvisa Sadhanighekathaven kotasake :bdiriya mavakage vurthanthaya aColombobM.D. Gunasena Pvt Ltdc1992 a318 p ., aA Novel